| 000 | 01113nam a22002657a 4500 | ||
|---|---|---|---|
| 999 |
_c63242 _d63242 |
||
| 005 | 20240530110630.0 | ||
| 008 | 170118s2014 ua g b 000 0 ara d | ||
| 017 |
_a2012/7332 _bمصر. دار الكتب |
||
| 020 | _a9789774382880 | ||
| 040 |
_aEG-CaGPL _cEG-CaGPL |
||
| 082 | 0 | 4 |
_221 _a214.5\ _bخ ج |
| 100 | 0 | _aخالد احمد حسنين على حربى | |
| 245 | 1 | 2 |
_aالجماعات والمدارس العلمية فى الحضارة الاسلامية : _bاسس فى صرح الحضارة الانسانية / _cتاليف و تحقيق خالد احمد حسنين على حربى |
| 250 | _aط. 1 | ||
| 260 |
_aالاسكندرية : _bالمكتب الجامعى الحديث ، _c2014. |
||
| 300 |
_a515 ص. ؛ _c24 سم. |
||
| 504 | _aيشتمل على ارجاعات ببليوجرافية | ||
| 650 | 0 | 7 |
_2qrmak _aالعلوم _xتاريخ |
| 650 | 0 | 7 |
_2qrmak _aالعلوم عند العرب |
| 650 | 0 | 7 |
_2qrmak _aالحضارة الاسلامية |
| 650 | 0 | 7 |
_2qrmak _aالعلماء العرب |
| 651 | _2qrmak | ||
| 942 |
_2ddc _cBK |
||